| 000 | 02283nam a2200397 c 4500 | ||
|---|---|---|---|
| 003 | BLK | ||
| 005 | 20240405164840.0 | ||
| 008 | 180409b bul|||||r ||||||| ||bul|| | ||
| 010 | _aKNG00110856000 | ||
| 020 |
_a954-649-472-0 _bиздат.: Сиела Софт енд Паблишинг |
||
| 040 | _aBLK | ||
| 041 |
_aBUL _cBUL |
||
| 080 |
_aМеждународен арбитраж - Международна подсъдност, международни спорове, мирни принудителни мерки, международни съдилища(напр. Европейски съд) и др. _b341.6 _x(4) _z341.6(4) |
||
| 080 |
_aОсновни права. Права на човека. Права и задължения на гражданите. Право на информация, на убежище. Принадлежност към държава, свобода на личността, гражданскоправно, политическо равенство, на _b342.7 _x(4) _z342.7(4) |
||
| 700 | 1 |
_aТерзийски, Стоян _eсъстав. и комент. _9372123 |
|
| 710 | 1 |
_aЕвропейски съд по правата на човека. Страсбург _9270230 |
|
| 139 |
_aЕвропейски съд по правата на човека. Страсбург _bЕ 20 |
||
| 245 | 1 | 0 |
_aПравила на Европейския съд по правата на човека _bТекст и комент. _cсъстав. и комент. Стоян Терзийски. |
| 257 | _aBGR | ||
| 260 |
_аСофия _bСиела Софт енд Паблишинг _c2002 |
||
| 300 |
_a119 с. _c16 см |
||
| 380 | _a3 | ||
| 500 | _aОфс. изд. - 300 тир. | ||
| 650 | 4 |
_aМеждународни съдилища - Европа _9267153 |
|
| 650 | 4 |
_aПрава на човека - Европа _9244618 |
|
| 653 | _aправа на човека | ||
| 653 | _aЕвропейски съд по правата на човека | ||
| 653 | _aмеждународни съдилища | ||
| 653 | _aЕвропа | ||
| 852 | _aЦб І 31093 | ||
| 856 | 4 |
_qpdf _u |
|
| 856 | 4 |
_qpdf _u |
|
| 942 |
_cKNG _n0 _03 |
||
| 944 |
_aCR _c04.02.2004 _k30564 _lГалина Якимова |
||
| 944 |
_aED _c29.03.2004 _k |
||
| 999 |
_c105631 _d105631 |
||